Statistics for Dog Breeds #2

Click here to take the quiz!

General Stats

  • This quiz has been taken 13 times
  • The average score is 5 of 6

Answer Stats

HintAnswer% Correct
It's nickname is the labLabrador Retriever
100%
This dog has many, many spotsDalmation
83%
This dog is known for its curly furPoodle
83%
In German this dog was known as the Rottweiler MetzgerhundRottweiler
83%
It's sense of smell is the 2nd best out of all dogs, only beaten by the bloodhoundBasset Hound
50%
This dog breed originated in north-east AsiaSiberian Husky
50%

Score Distribution

Percentile by Number Answered

Percent of People with Each Score

Your Score History

You have not taken this quiz